General Knowledge Easy - Letter A - Statistics

General Stats
  • This quiz has been taken 50 times
  • The average score is 12 of 20
Answer Stats
Hint Answer % Correct
which fruit is famous for keeping the doctor away if eaten early? Apple
95%
What scientist developed the 'Theory of Relativity'? Albert Einstein
82%
Which element has the chemical symbol Al? Aluminium
82%
What is the name of the largest rainforest in the world? Amazon Rainforest
82%
What is the name for the famous ancient Greek state (Capital City)? Athens
82%
What country is known as 'The Land Down Under'? Australia
80%
Which country won the 2022 world cup? Argentina
77%
What is the capital of the United Arab Emirates? Abu Dhabi
70%
What is the name of the Superhero group created to fight and kill Thanos? Avengers
70%
What is the term for a person who denies the existence of God? Atheist
68%
Which famous popstar was performing in Manchester when a terrorist attack occurred? Ariana Grande
64%
What term is used by conjurors when performing a magic trick andis also the name of a Lady Gaga song? Abracadabra
61%
Who was the famous Macedonian king who created one of thelargest empires in ancient history, and died at age 32? Alexander The Great
57%
What's the name of a highly classified US military base, which is subject to numerousconspiracy theories/ Area 51
57%
What is the name for the scientific study of humanity, examining behaviour, culture and societies, both past and present? Anthropology
48%
What country was Tony Stark attacked and held hostage in, in Iron Man 1, before breaking out? Afghanistan
45%
Which famous English tennis player has won Wimbledon twice (2013, 2016)? Andy Murray
43%
Who is the Greek Goddess for the Hunt and Moon? Artemis
36%
which country was founded in 1278? Andorra
30%
Which famous actor played 'Terminator' as well as being a former body-builder, politicianand businessman? Arnold Schwarzenegger
16%
No matching quizzes found
Score Distribution
Percent of People with Each Score
Percentile by Number Answered
Your Score History
You have not taken this quiz